000 00781nam a22002177a 4500
999 _c4017
_d4017
003 AR-CdUCM
008 190307b ||||| |||| 00| 0 spa d
040 _aMUNICIPALIDAD PROVINCIAL DEL CUSCO
_cBIBLIOTECA MUNICIPAL DEL CUSCO
082 _a869.03 /
_bA65
100 _aAra, Guillermo
_912815
245 _aLa novela naturalista hispanoamericana /
260 _aBuenos Aires :
_bEUDEBA,
_c1965.
300 _a103 páginas ;
_c18 cm.
500 _aDonación de la familia de Luis Nieto
505 _aContenido: Argentina -- Uruguay -- Chile -- México -- Puerto Rico -- Cuba -- Perú...
650 _aHistoria y crítica
_95993
650 _aNaturalismo en la literatura latinoamericana
_912816
650 _aNovela latinoamericana
_9130
942 _2ddc
_cLIBROS
945 _adavv